Sabrina Carpenter Movies! - Statistics

General Stats
  • This quiz has been taken 48 times
  • The average score is 6 of 14
Answer Stats
Hint Answer % Correct
2019 Tall Girl
78%
2020 Work It
78%
2022 Tall Girl 2
65%
2016 Adventures in Babysitting
58%
2020 Clouds
50%
2018 The Hate U Give
48%
2019 The Short History of the Long Road
43%
2013 Horns
40%
2022 Emergency
38%
2012 Noobz
33%
TBD Alice in Wonderland
28%
2012 Gulliver Quinn
28%
2012 The Unprofessional
23%
2018 So Close
13%
No matching quizzes found
Score Distribution
Percent of People with Each Score
Percentile by Number Answered
Your Score History
You have not taken this quiz